000 00782nam a2200253Ia 4500
003 OSt
005 20220927105329.0
006 a|||||r|||| 00| 0
007 ta
008 220926b |||||||| |||| 00| 0 eng d
020 _a9211251028
024 _a188745
037 _cReference Collections
040 _aRTL
_cRTL
_beng
041 _2eng
_aeng
082 _a"X:533, P6/UN"
110 _aUNITED NATIONS ECONOMIC COMMISSION FOR AFRICA.
245 0 _aAssessing regional integration in Africa II
_b Rationalizing regional economic communities.
260 _aAddis
_bAbaba ECA
_c2006
300 _a"xxiv, 150p"
_ccm.
700 _aUNITED NATIONS ECONOMIC COMMISSION FOR AFRICA.
942 _h"X:533, P6/UN"
_cCC
999 _c691887
_d691887